Návrh daňovej a odvodovej optimalizácie poskytovaných zamestnaneckých benefitov v podniku LEONI Slovakia, spol. s r. o., odštepný závod Trenčín

Saved in:
Bibliographic Details
Main Author: Muntágová, Olívia (Author)
Other Authors: Horváthová, Martina (Thesis advisor)
Format: Manuscript Book
Language:Slovak
Published: 2021
Subjects:
Online Access:http://is.stuba.sk/zp/portal_zp.pl?podrobnosti=165775
Tags: Add Tag
No Tags, Be the first to tag this record!

MARC

LEADER 00000ntm a22000003a 4500
001 stuzp83760
003 SK-STU
005 20210703212258.3
007 ta
008 150427s2015----xo-----f-mn---000-0-slo-d
040 |a STU  |b slo 
041 0 |a slo 
100 1 |a Muntágová, Olívia  |u 064000  |4 aut  |U MTF Materiálovotechnologická fakulta  |T MTF Ústav priemyselného inžinierstva a manažmentu  |X 91721  |U M4000  |Y 84  |7 91721 
242 0 1 |a Proposal of tax and contribution optimization of provided employee benefits in the company LEONI Slovakia, spol. s r.o., branch plant Trenčín  |y eng 
245 1 0 |a Návrh daňovej a odvodovej optimalizácie poskytovaných zamestnaneckých benefitov v podniku LEONI Slovakia, spol. s r. o., odštepný závod Trenčín 
260 |c 2021 
650 4 |a zamestnanecké benefity  |2 slo 
650 4 |a daň z príjmov  |2 slo 
650 4 |a odvody  |2 slo 
650 4 |a zamestnávateľ  |2 slo 
650 4 |a zamestnanec  |2 slo 
650 4 |a income tax  |2 eng 
650 4 |a levies  |2 eng 
650 4 |a employee  |2 eng 
650 4 |a employee benefits  |2 eng 
650 4 |a employer  |2 eng 
700 1 |a Horváthová, Martina  |u 064000  |k Z1  |4 ths  |U MTF Materiálovotechnologická fakulta  |T MTF Ústav priemyselného inžinierstva a manažmentu  |X 1507  |U M4000  |Y 84  |7 A000001507 
856 4 |u http://is.stuba.sk/zp/portal_zp.pl?podrobnosti=165775 
996 |c M* BP-9156  |l MMSKP  |s P  |a 0  |w stuzp83760_0001